[Event "1st Open"]
[Site "Paleochora GRE"]
[Date "2008.07.27"]
[Round "8"]
[White "Postny, E."]
[Black "Orlov, And"]
[Result "1-0"]
[WhiteElo "2661"]
[BlackElo "2501"]
[PlyCount "95"]
[EventDate "2008.07.21"]
[SourceDate "1999.07.01"]

1. d4 Nf6 2. c4 g6 3. Nc3 Bg7 4. e4 d6 5. f3 O-O 6. Nge2 e5 7. Be3 c6 8. d5 Na6
9. Qd2 cxd5 10. cxd5 Bd7 11. g4 Qa5 12. Ng3 Nc5 13. Rb1 Na4 14. Nb5 Qxd2+ 15.
Kxd2 Bxb5 16. Bxb5 Nb6 17. Rhc1 Rfc8 18. Rc3 Kf8 19. Rbc1 Rxc3 20. Rxc3 Ne8 21.
a4 Ke7 22. a5 Nd7 23. Rb3 b6 24. Bxd7 Kxd7 25. axb6 axb6 26. Rxb6 Nc7 27. Rb7
Kc8 28. Ra7 Rxa7 29. Bxa7 Kb7 30. Be3 Bf6 31. Kd3 Nb5 32. Nf1 Bd8 33. g5 f6 34.
h4 fxg5 35. hxg5 Be7 36. Nh2 Ka6 37. Kc4 Nc7 38. Ng4 Kb7 39. Nh6 Ka6 40. Nf7
Nb5 41. f4 exf4 42. Bxf4 Kb6 43. e5 dxe5 44. Bxe5 Bf8 45. d6 Kc6 46. Nd8+ Kd7
47. Kxb5 Kxd8 48. Kc6 1-0

[Event "2nd LCT"]
[Site "Leiden NED"]
[Date "2008.07.14"]
[Round "4"]
[White "Horvath, Cs1"]
[Black "Pavlovic, Milos"]
[Result "1/2-1/2"]
[WhiteElo "2537"]
[BlackElo "2515"]
[PlyCount "21"]
[EventDate "2008.07.11"]
[SourceDate "1999.07.01"]

1. d4 Nf6 2. c4 g6 3. Nc3 Bg7 4. e4 d6 5. f3 O-O 6. Be3 Nbd7 7. Nh3 a6 8. Nf2
e5 9. d5 Nh5 10. Nd3 f5 11. Qd2 1/2-1/2

[Event "IX EICC"]
[Site "Plovdiv BUL"]
[Date "2008.05.01"]
[Round "10"]
[White "Dziuba, M."]
[Black "Saric, Iv"]
[Result "1-0"]
[WhiteElo "2577"]
[BlackElo "2500"]
[PlyCount "61"]
[EventDate "2008.04.21"]
[SourceDate "1999.07.01"]

1. d4 Nf6 2. c4 g6 3. Nc3 Bg7 4. e4 d6 5. f3 O-O 6. Nge2 c5 7. d5 e6 8. Ng3
exd5 9. cxd5 h5 10. Bg5 Qb6 11. Qb3 Qxb3 12. axb3 Bd7 13. Be2 Rc8 14. Nf1 Ne8
15. Nd2 Na6 16. Bxa6 bxa6 17. Rxa6 Rcb8 18. Ra2 Rb7 19. Kd1 Bd4 20. h3 a5 21.
Kc2 Nc7 22. Nc4 Na6 23. Rxa5 Nb4+ 24. Kd2 Rxa5 25. Nxa5 Ra7 26. Nc4 Ra6 27. Bf4
f5 28. Bxd6 fxe4 29. fxe4 Kg7 30. Rf1 g5 31. Ne2 1-0

[Event "Corus C"]
[Site "Wijk aan Zee NED"]
[Date "2008.01.18"]
[Round "6"]
[White "Braun, A."]
[Black "Reinderman, D."]
[Result "1/2-1/2"]
[WhiteElo "2536"]
[BlackElo "2533"]
[PlyCount "119"]
[EventDate "2008.01.12"]
[SourceDate "1999.07.01"]

1. d4 Nf6 2. c4 g6 3. Nc3 Bg7 4. e4 d6 5. f3 O-O 6. Be3 c5 7. d5 e6 8. Nge2
exd5 9. cxd5 a6 10. a4 Nbd7 11. Ng3 Ne5 12. Be2 Bd7 13. h3 b5 14. O-O Rb8 15.
axb5 axb5 16. b3 b4 17. Nb1 Bb5 18. Bxb5 Rxb5 19. Nd2 Ne8 20. Ra2 Ra5 21. Rxa5
Qxa5 22. f4 Nd7 23. Nc4 Qa6 24. h4 h5 25. f5 Nb6 26. Nxb6 Qxb6 27. e5 Bxe5 28.
Ne4 Nf6 29. Qf3 Kg7 30. Kh1 Nxe4 31. Qxe4 Qd8 32. Bxc5 dxc5 33. Qxe5+ Qf6 34.
Qxf6+ Kxf6 35. fxg6+ Kxg6 36. Rc1 Rc8 37. d6 Rd8 38. Rxc5 Rxd6 39. Rc4 Rd2 40.
Rxb4 f6 41. Kh2 Rd3 42. Kg1 Kf5 43. Kf2 Rd2+ 44. Kf3 Rd3+ 45. Ke2 Rg3 46. Kf2
Rc3 47. Kg1 Rc1+ 48. Kh2 Rc3 49. Rb8 Rd3 50. b4 Rb3 51. b5 Rb4 52. Kg3 Rb3+ 53.
Kf2 Rb2+ 54. Kg3 Rb3+ 55. Kh2 Rb4 56. Kh3 Rb3+ 57. g3 Rb2 58. b6 Kg6 59. b7 Kg7
60. Rc8 1/2-1/2

[Event "Mediterranean Open"]
[Site "Rijeka CRO"]
[Date "2008.12.05"]
[Round "8"]
[White "Bosiocic, Mari"]
[Black "Saric, Iv"]
[Result "0-1"]
[WhiteElo "2549"]
[BlackElo "2516"]
[PlyCount "40"]
[EventDate "2008.11.29"]
[SourceDate "1999.07.01"]

1. d4 Nf6 2. c4 g6 3. Nc3 Bg7 4. e4 d6 5. f3 O-O 6. Nge2 c5 7. d5 e6 8. Ng3
exd5 9. cxd5 h5 10. Bg5 Qb6 11. Qd2 Re8 12. Be2 Nh7 13. Bh4 g5 14. Bxg5 Nxg5
15. Qxg5 Qxb2 16. Rc1 Kf8 17. Nb5 a6 18. Nxd6 Bc3+ 19. Kf2 Bd2 20. Qxh5 Be3+
0-1

[Event "III Open"]
[Site "Palma de Mallorca ESP"]
[Date "2008.12.13"]
[Round "8"]
[White "Svetushkin, D."]
[Black "Cabrera, Ale"]
[Result "0-1"]
[WhiteElo "2588"]
[BlackElo "2507"]
[PlyCount "78"]
[EventDate "2008.12.06"]
[SourceDate "1999.07.01"]

1. d4 Nf6 2. c4 g6 3. Nc3 Bg7 4. e4 d6 5. f3 O-O 6. Nge2 c5 7. d5 e6 8. Ng3
exd5 9. cxd5 h5 10. Be2 a6 11. a4 Nbd7 12. O-O h4 13. Nh1 Nh7 14. Be3 f5 15.
Qd2 Qf6 16. exf5 gxf5 17. f4 Qe7 18. Rae1 Ndf6 19. Nf2 Bd7 20. Bd3 Qf7 21. Kh1
Kh8 22. Nh3 Ng4 23. Bg1 Rab8 24. Ng5 Nxg5 25. fxg5 b5 26. axb5 axb5 27. Ra1 Ne5
28. Be2 f4 29. Ra6 h3 30. Bf3 b4 31. Ne4 Bb5 32. Rfa1 Nxf3 33. gxf3 Qh5 34. Qd1
Bxa6 35. Rxa6 Ra8 36. Rxa8 Rxa8 37. Nf2 Ra1 38. Qe2 Bd4 39. Nxh3 Re1 0-1

[Event "Open"]
[Site "Moscow RUS"]
[Date "2009.01.31"]
[Round "1"]
[White "Iljushin, A."]
[Black "Amonatov, F."]
[Result "1/2-1/2"]
[WhiteElo "2564"]
[BlackElo "2647"]
[PlyCount "72"]
[EventDate "2009.01.31"]
[SourceDate "1999.07.01"]

1. d4 Nf6 2. c4 g6 3. Nc3 Bg7 4. e4 d6 5. f3 O-O 6. Nge2 c5 7. d5 e6 8. Ng3
exd5 9. cxd5 a6 10. a4 h5 11. Bg5 Qb6 12. Qd2 Nh7 13. a5 Qc7 14. Bh6 h4 15.
Bxg7 Kxg7 16. Nge2 Nd7 17. Na4 b5 18. axb6 Nxb6 19. Nec3 Rb8 20. Be2 Bd7 21.
Nxb6 Rxb6 22. Rxa6 Rxa6 23. Bxa6 h3 24. g3 Qa5 25. Bc4 Rb8 26. O-O Bb5 27. Bxb5
Rxb5 28. e5 dxe5 29. Qe2 Rb7 30. Qxe5+ f6 31. Qe2 Ng5 32. f4 Nf7 33. Rf2 Qb4
34. Qe4 Qa5 35. Qe2 Qb4 36. Qe4 Qa5 1/2-1/2

[Event "XXVI SuperGM"]
[Site "Linares ESP"]
[Date "2009.02.26"]
[Round "7"]
[White "Anand, V."]
[Black "Grischuk, A."]
[Result "1/2-1/2"]
[WhiteElo "2791"]
[BlackElo "2733"]
[PlyCount "64"]
[EventDate "2009.02.19"]
[SourceDate "1999.07.01"]

1. d4 Nf6 2. c4 g6 3. f3 Bg7 4. e4 d6 5. Nc3 O-O 6. Be3 a6 7. Nge2 Nc6 8. Qd2
Rb8 9. Rc1 e6 10. b3 Nd7 11. h4 h5 12. g3 Ne7 13. g4 hxg4 14. fxg4 Nf6 15. g5
Nh5 16. Bg2 e5 17. Bf3 b5 18. dxe5 Bxe5 19. Nf4 Bxf4 20. Bxf4 bxc4 21. bxc4 Be6
22. Nd5 Bxd5 23. cxd5 Qd7 24. O-O Nxf4 25. Qxf4 c6 26. h5 cxd5 27. h6 Qe6 28.
exd5 Nxd5 29. Bxd5 Qxd5 30. Qf6 Qe5 31. Qxe5 dxe5 32. Rc5 Rb5 1/2-1/2

[Event "25th Open"]
[Site "Cappelle la Grande FRA"]
[Date "2009.03.02"]
[Round "3"]
[White "Graf, A."]
[Black "Vovk, Y."]
[Result "0-1"]
[WhiteElo "2643"]
[BlackElo "2546"]
[PlyCount "74"]
[EventDate "2009.02.28"]
[SourceDate "1999.07.01"]

1. d4 Nf6 2. c4 g6 3. Nc3 Bg7 4. e4 d6 5. f3 O-O 6. Be3 c5 7. Nge2 Nc6 8. d5
Ne5 9. Ng3 e6 10. Be2 exd5 11. cxd5 a6 12. Qd2 h5 13. O-O b5 14. Bh6 Re8 15.
Bxg7 Kxg7 16. Nh1 Nh7 17. Nf2 b4 18. Ncd1 f5 19. a3 a5 20. Ne3 fxe4 21. f4 Nf7
22. axb4 cxb4 23. Bb5 Bd7 24. Bc6 Ra6 25. f5 g5 26. Qe2 Ra7 27. Bxd7 Rxd7 28.
Qxh5 Kh8 29. Nfg4 Rf8 30. Nc4 Ra7 31. b3 Qc7 32. Rxa5 Rxa5 33. Nxa5 Qxa5 34.
Nf6 Qa7+ 35. Kh1 Ne5 36. Nxe4 Rxf5 37. Rc1 Qe3 0-1

[Event "Coupe de France"]
[Site "?"]
[Date "2012.??.??"]
[Round "?"]
[White "Edouard, R."]
[Black "Feller, S."]
[Result "1/2-1/2"]
[WhiteElo "2625"]
[BlackElo "2640"]
[PlyCount "61"]
[EventDate "2012.??.??"]
[SourceDate "1999.07.01"]

1. d4 Nf6 2. c4 g6 3. Nc3 Bg7 4. e4 d6 5. f3 O-O 6. Nge2 c5 7. d5 e6 8. Ng3
exd5 9. cxd5 h5 10. Bg5 a6 11. a4 Qb6 12. Qd2 Nh7 13. a5 Qc7 14. Bh6 h4 15.
Bxg7 Kxg7 16. Nge2 Qe7 17. Na4 Nd7 18. Ra3 Rb8 19. Re3 Qf6 20. Nc1 Ne5 21. Be2
b5 22. axb6 Bd7 23. Nc3 Rxb6 24. O-O Qf4 25. Nd3 Nc4 26. Nxf4 Nxd2 27. Rd1 Rxb2
28. Nd3 Rc2 29. Ne1 Rb2 30. Nd3 Rc2 31. Ne1 1/2-1/2

[Event "Moscow Open A 2013"]
[Site "Moscow RUS"]
[Date "2013.02.06"]
[Round "5.6"]
[White "Kovalenko, I."]
[Black "Goganov, A."]
[Result "1-0"]
[WhiteElo "2586"]
[BlackElo "2550"]
[PlyCount "89"]
[EventDate "2013.02.02"]
[SourceDate "1999.07.01"]

1. d4 Nf6 2. c4 g6 3. f3 Bg7 4. e4 d6 5. Nc3 O-O 6. Be3 Nc6 7. Nge2 a6 8. Qd2
Rb8 9. Rc1 Bd7 10. b3 e6 11. g3 b5 12. cxb5 axb5 13. Bg2 e5 14. O-O exd4 15.
Nxd4 Nxd4 16. Bxd4 c5 17. Bf2 b4 18. Ne2 Qe7 19. Rfd1 Bb5 20. Nf4 Rbd8 21. h4
Bc6 22. Rc2 h6 23. Nd3 Qb7 24. Qc1 Rfe8 25. Rcd2 Qa8 26. Nb2 Qb8 27. Rd3 Bb5
28. Nc4 Bxc4 29. Qxc4 Nh7 30. Kh2 Nf8 31. f4 Qc7 32. R1d2 Ne6 33. Rd5 Qe7 34.
Kh1 g5 35. hxg5 hxg5 36. Rf5 Bc3 37. Rdd5 Kg7 38. Rxg5+ Nxg5 39. Rxg5+ Kf8 40.
Qe2 Qe6 41. Rh5 Bf6 42. e5 Bg7 43. Kh2 dxe5 44. Bxc5+ Kg8 45. Be4 1-0

[Event "Margaryan Mem 2013"]
[Site "Yerevan ARM"]
[Date "2013.01.14"]
[Round "7.3"]
[White "Benidze, D."]
[Black "Baryshpolets, A."]
[Result "0-1"]
[WhiteElo "2524"]
[BlackElo "2502"]
[PlyCount "38"]
[EventDate "2013.01.08"]
[SourceDate "1999.07.01"]

1. d4 Nf6 2. c4 g6 3. Nc3 Bg7 4. e4 d6 5. f3 O-O 6. Be3 Nbd7 7. Qd2 c5 8. d5
Ne5 9. h3 Nh5 10. Bf2 f5 11. exf5 Rxf5 12. g4 Rxf3 13. gxh5 Qf8 14. Rd1 Bf5 15.
Qe2 Bd3 16. Rxd3 Nxd3+ 17. Qxd3 Rxd3 18. Bxd3 Bxc3+ 19. bxc3 Qf4 0-1

[Event "19th Zadar Open A"]
[Site "Zadar CRO"]
[Date "2012.12.21"]
[Round "8.4"]
[White "Martinovic, Sa"]
[Black "Saric, Iv"]
[Result "1/2-1/2"]
[WhiteElo "2530"]
[BlackElo "2626"]
[PlyCount "40"]
[EventDate "2012.12.16"]
[EventType "swiss"]
[SourceDate "1999.07.01"]

1. d4 Nf6 2. c4 g6 3. Nc3 Bg7 4. e4 d6 5. f3 O-O 6. Be3 c5 7. dxc5 dxc5 8. Qxd8
Rxd8 9. Bxc5 Nc6 10. Ba3 b6 11. Nge2 Bb7 12. Rd1 Nd7 13. Nc1 Nde5 14. Nb3 Rxd1+
15. Kxd1 Rd8+ 16. Kc2 Ba6 17. Nb5 Bc8 18. Nc3 Ba6 19. Nb5 Bc8 20. Nc3 Ba6
1/2-1/2

[Event "Amplico ch-EUR Rapid"]
[Site "Warsaw POL"]
[Date "2012.12.15"]
[Round "5.4"]
[White "Edouard, R."]
[Black "Moranda, W."]
[Result "0-1"]
[WhiteElo "2686"]
[BlackElo "2559"]
[PlyCount "142"]
[EventDate "2012.12.15"]
[SourceDate "1999.07.01"]

1. d4 Nf6 2. c4 g6 3. f3 Bg7 4. e4 d6 5. Nc3 c6 6. Be3 e5 7. Nge2 Nbd7 8. Qd2
O-O 9. O-O-O a6 10. Kb1 b5 11. c5 Qe7 12. cxd6 Qxd6 13. dxe5 Qxd2 14. Rxd2 Nxe5
15. Nc1 a5 16. Nb3 a4 17. Nc5 Re8 18. Be2 Nfd7 19. Rhd1 Nxc5 20. Bxc5 Be6 21.
Kc2 Bh6 22. Rd6 Bf8 23. f4 Bxd6 24. Rxd6 Nd7 25. Bg1 b4 26. Nb1 Nf6 27. e5 Nd5
28. g3 a3 29. b3 Rad8 30. Bc5 Rxd6 31. Bxd6 c5 32. Bf3 Ne3+ 33. Kd2 Nf1+ 34.
Kc1 Nxh2 35. Bc6 Rd8 36. Nd2 Ng4 37. Ne4 c4 38. bxc4 Bxc4 39. Bxb4 Bxa2 40. Nd6
Ne3 41. Bxa3 Bd5 42. Bxd5 Nxd5 43. Kd2 Rb8 44. Bc5 Rb3 45. Ne4 h5 46. Bd4 h4
47. gxh4 Nxf4 48. Nf6+ Kg7 49. Bf2 Rd3+ 50. Ke1 Rf3 51. Bd4 Ng2+ 52. Ke2 Rf5
53. Nd7 Nf4+ 54. Ke3 Ne6 55. Bc3 Rf1 56. Ke2 Rh1 57. Be1 Nd4+ 58. Kf2 Rxh4 59.
Bb4 Ne6 60. Be7 g5 61. Kg3 Kg6 62. Nf6 Rd4 63. Ng4 Kf5 64. Nh6+ Kg6 65. Ng4 Ng7
66. Kh3 Nh5 67. Bc5 Rd3+ 68. Kh2 Kf5 69. Nh6+ Ke6 70. Kg1 Nf4 71. Ng4 Rg3+ 0-1

[Event "Amplico ch-EUR Rapid"]
[Site "Warsaw POL"]
[Date "2012.12.16"]
[Round "9.14"]
[White "Fedoseev, Vl3"]
[Black "Piorun, K."]
[Result "1-0"]
[WhiteElo "2514"]
[BlackElo "2529"]
[PlyCount "85"]
[EventDate "2012.12.15"]
[SourceDate "1999.07.01"]

1. d4 Nf6 2. c4 g6 3. Nc3 Bg7 4. e4 d6 5. f3 O-O 6. Be3 e5 7. d5 Nh5 8. Qd2 f5
9. O-O-O a5 10. Nge2 Na6 11. Kb1 Nc5 12. exf5 gxf5 13. Ng3 Nf4 14. h4 a4 15. h5
h6 16. Nge2 Nxe2 17. Bxe2 Qf6 18. g4 Bd7 19. g5 hxg5 20. Bxg5 Qf7 21. Rdg1 Kh8
22. Bh6 Rg8 23. Be3 e4 24. Rxg7 Rxg7 25. Bd4 Kh7 26. fxe4 Nxe4 27. Nxe4 fxe4
28. Rf1 Bf5 29. Qf4 Rg2 30. Bg4 Rxg4 31. Qxg4 Bxg4 32. Rxf7+ Kh6 33. Rxc7 Be2
34. Kc2 b5 35. c5 dxc5 36. Bxc5 Kxh5 37. d6 Bg4 38. Kc3 Kg6 39. Kd4 Re8 40. Ke3
Kf6 41. Rb7 Bf5 42. Bb6 Rh8 43. Bd4+ 1-0

[Event "Amplico ch-EUR Blitz"]
[Site "Warsaw POL"]
[Date "2012.12.14"]
[Round "7.2"]
[White "Edouard, R."]
[Black "Kempinski, R."]
[Result "0-1"]
[WhiteElo "2686"]
[BlackElo "2599"]
[PlyCount "88"]
[EventDate "2012.12.14"]
[SourceDate "1999.07.01"]

1. d4 Nf6 2. c4 g6 3. f3 Bg7 4. e4 d6 5. Nc3 O-O 6. Be3 Nc6 7. Nge2 a6 8. Qd2
b5 9. cxb5 Na5 10. Nc1 axb5 11. Bxb5 c6 12. Be2 Be6 13. O-O Nc4 14. Bxc4 Bxc4
15. Rd1 Qb8 16. b3 Be6 17. Nd3 Rc8 18. Rdb1 Qb7 19. a4 Nd7 20. Nf4 Nf8 21. Nxe6
Nxe6 22. b4 Qa7 23. Ne2 c5 24. d5 Bxa1 25. Rxa1 Nc7 26. bxc5 dxc5 27. e5 Qa5
28. Nc3 Rd8 29. Rd1 c4 30. Qd4 Ne6 31. Qd2 Nc5 32. Bd4 Nb3 33. Qc2 Nxd4 34.
Rxd4 e6 35. Qd2 exd5 36. h3 Rab8 37. Rh4 h5 38. e6 Qb6+ 39. Kh1 Qxe6 40. Ne2
Qf6 41. Rf4 Qb2 42. Qd1 c3 43. Nc1 c2 44. Qd2 Qxc1+ 0-1

[Event "TCh-HUN 2012-13"]
[Site "Decs HUN"]
[Date "2012.11.18"]
[Round "4"]
[White "Pap, G."]
[Black "Balog, I1."]
[Result "1-0"]
[WhiteElo "2569"]
[BlackElo "2554"]
[PlyCount "93"]
[EventDate "2012.09.16"]
[SourceDate "1999.07.01"]
[WhiteTeam "Hungaropharma Decs"]
[BlackTeam "Penzugyor SE"]

1. c4 Nf6 2. Nc3 g6 3. e4 d6 4. d4 Bg7 5. f3 O-O 6. Be3 Nc6 7. Nge2 a6 8. Qd2
Rb8 9. Rb1 Bd7 10. b4 e6 11. a4 h5 12. g3 a5 13. b5 Nb4 14. e5 Ne8 15. f4 f6
16. Rd1 Qe7 17. Bg2 fxe5 18. dxe5 Rd8 19. Ne4 Bc8 20. b6 Rd7 21. bxc7 dxe5 22.
Qxd7 Nc2+ 23. Kf2 Bxd7 24. Bc5 Qf7 25. Ng5 Qf5 26. Be4 Qxg5 27. Bxf8 exf4 28.
Rxd7 fxg3+ 29. Nxg3 Bd4+ 30. Rxd4 Qf4+ 31. Kg1 Nxc7 32. Rd8 Kf7 33. Bxc2 Qc1+
34. Bd1 Ne8 35. Bc5 Qxc4 36. Be3 Nf6 37. Kg2 Nd5 38. Rf1+ Kg7 39. Rd7+ Kg8 40.
Rd8+ Kg7 41. Rd7+ Kg8 42. Bh6 Ne3+ 43. Bxe3 Qc6+ 44. Ne4 Qxe4+ 45. Rf3 e5 46.
Bb3+ Kh8 47. Kf2 1-0

[Event "Chigorin Mem Rapid"]
[Site "St Petersburg RUS"]
[Date "2012.10.25"]
[Round "3.4"]
[White "Socko, B."]
[Black "Levin, Ev"]
[Result "1-0"]
[WhiteElo "2619"]
[BlackElo "2516"]
[PlyCount "71"]
[EventDate "2012.10.25"]
[SourceDate "1999.07.01"]

1. d4 Nf6 2. c4 g6 3. Nc3 Bg7 4. e4 d6 5. f3 O-O 6. Nge2 a6 7. Bg5 c6 8. a4 e5
9. dxe5 dxe5 10. Qxd8 Rxd8 11. a5 Be6 12. Na4 Nbd7 13. Nec3 h6 14. Be3 Bf8 15.
c5 Ne8 16. Nb6 Rab8 17. b4 Nc7 18. O-O-O Nxb6 19. axb6 Nb5 20. Bxb5 axb5 21.
Kc2 Kh7 22. Rxd8 Rxd8 23. Ra1 Be7 24. Ra7 Rd7 25. g3 Kg7 26. Bf2 Bg5 27. h4 Be7
28. g4 Bc4 29. Nd5 cxd5 30. c6 Rd8 31. Rxb7 Bxb4 32. c7 Rf8 33. Rb8 d4 34. Rxf8
d3+ 35. Kb2 Bxf8 36. c8=Q 1-0

[Event "St Petersburg Rapid Cup 2012"]
[Site "St Petersburg RUS"]
[Date "2012.10.07"]
[Round "10.3"]
[White "Vitiugov, N."]
[Black "Efimenko, Z."]
[Result "1-0"]
[WhiteElo "2691"]
[BlackElo "2689"]
[PlyCount "41"]
[EventDate "2012.10.05"]
[SourceDate "1999.07.01"]

1. c4 g6 2. d4 Nf6 3. Nc3 Bg7 4. e4 d6 5. f3 O-O 6. Be3 Nc6 7. Nge2 a6 8. Qd2
Na5 9. Ng3 b5 10. Bh6 Be6 11. d5 Bd7 12. c5 c6 13. cxd6 exd6 14. dxc6 Bxc6 15.
Bxg7 Kxg7 16. Rd1 b4 17. Nce2 b3 18. a3 d5 19. Nd4 dxe4 20. Ndf5+ Kh8 21. Qc3
1-0

[Event "Vladivostok Russian Cup 2012"]
[Site "Vladivostok RUS"]
[Date "2012.09.22"]
[Round "6.6"]
[White "Kovalenko, I."]
[Black "Belous, V."]
[Result "1-0"]
[WhiteElo "2611"]
[BlackElo "2551"]
[PlyCount "99"]
[EventDate "2012.09.17"]
[SourceDate "1999.07.01"]

1. d4 Nf6 2. c4 g6 3. f3 Bg7 4. e4 d6 5. Nc3 O-O 6. Be3 Nc6 7. Nge2 a6 8. Qd2
Rb8 9. Rc1 Bd7 10. Nd1 b5 11. c5 e6 12. g3 Re8 13. Bg2 dxc5 14. Rxc5 e5 15. d5
Ne7 16. Qc1 c6 17. dxc6 Nxc6 18. Rxc6 Bxc6 19. Qxc6 Re6 20. Qc2 Rc8 21. Qb1 Rd6
22. O-O Rd3 23. Bg5 Qb6+ 24. Nf2 Rd6 25. Nc3 b4 26. Na4 Qb5 27. b3 Qe2 28. Re1
Qc2 29. Bf1 Nd7 30. Qa1 Qc7 31. Be3 Rc6 32. Bc4 Nf8 33. Nb2 Ne6 34. Bxe6 Rxe6
35. Rc1 Rc6 36. Rxc6 Qxc6 37. Nc4 Rd8 38. Kg2 f6 39. h4 h5 40. Qh1 Kf7 41. Qh3
a5 42. g4 hxg4 43. fxg4 a4 44. h5 Rh8 45. Qf3 Qe6 46. Nh3 Qe7 47. hxg6+ Kxg6
48. Qf5+ Kf7 49. Ng5+ Kg8 50. Qc8+ 1-0

[Event "TCh-SRB Prem 2012"]
[Site "Valjevo SRB"]
[Date "2012.09.19"]
[Round "3.2"]
[White "Strikovic, A."]
[Black "Brenjo, S."]
[Result "0-1"]
[WhiteElo "2539"]
[BlackElo "2512"]
[PlyCount "90"]
[EventDate "2012.09.17"]
[SourceDate "1999.07.01"]
[WhiteTeam "VSK Sv. Nikolaj Srpski Valjevo"]
[BlackTeam "SK Lasta Beograd"]

1. c4 g6 2. d4 Nf6 3. Nc3 Bg7 4. e4 d6 5. f3 O-O 6. Bg5 Nc6 7. Nge2 a6 8. Qd2
Rb8 9. a3 Re8 10. d5 Ne5 11. Ng3 c6 12. Be2 b5 13. cxb5 cxb5 14. O-O Nc4 15.
Qc1 Nd7 16. Rb1 Qa5 17. Na2 Bb7 18. Bxc4 Rbc8 19. b3 bxc4 20. b4 Qc7 21. Nc3
Ne5 22. Nge2 Nd3 23. Qd2 e6 24. b5 exd5 25. bxa6 Ba8 26. Be3 Qe7 27. Bd4 dxe4
28. fxe4 d5 29. exd5 Bxd4+ 30. Nxd4 Qc5 31. Ncb5 Qxd5 32. Nf5 gxf5 33. Qg5+ Kf8
34. Rxf5 Qxg2+ 35. Qxg2 Bxg2 36. Kxg2 c3 37. Nxc3 Rxc3 38. Rb7 Rc2+ 39. Kg3 Ne5
40. a7 Rc3+ 41. Kf4 Rc4+ 42. Kg5 Ra4 43. Kh6 Re6+ 44. Kh5 Kg7 45. Rg5+ Ng6 0-1

[Event "Minsk Open 2012"]
[Site "Minsk BLR"]
[Date "2012.07.14"]
[Round "5.5"]
[White "Nosenko, A."]
[Black "Levin, Ev"]
[Result "1/2-1/2"]
[WhiteElo "2503"]
[BlackElo "2509"]
[PlyCount "206"]
[EventDate "2012.07.10"]
[SourceDate "1999.07.01"]

1. d4 Nf6 2. c4 g6 3. f3 Bg7 4. e4 d6 5. Nc3 O-O 6. Be3 a6 7. Qd2 c6 8. Bd3 b5
9. e5 dxe5 10. dxe5 Nfd7 11. f4 Nb6 12. cxb5 axb5 13. Nf3 Nd5 14. O-O Nxc3 15.
Qxc3 Be6 16. Be4 Ra4 17. Ng5 Bd5 18. Bxd5 cxd5 19. Qb3 Qd7 20. Qd3 Nc6 21. b3
Raa8 22. Rfd1 Rfd8 23. Bb6 Rdb8 24. Bc5 Rd8 25. Rac1 h6 26. e6 fxe6 27. Nf3 Qe8
28. Re1 e5 29. fxe5 Rxa2 30. Qxb5 Kh7 31. Qd3 Qf7 32. b4 Rc8 33. e6 Qf4 34. g3
Qf6 35. Rcd1 Qb2 36. Rd2 Qa3 37. Rb1 Rf8 38. Qxa3 Rxa3 39. Ne1 d4 40. b5 Rc3
41. Nd3 Rb8 42. Kg2 Ne5 43. Ba7 Nc4 44. Ra2 Ra8 45. b6 Nxb6 46. Rxb6 Rxd3 47.
Rb7 Bf6 48. Rf2 Kg8 49. Bc5 Re8 50. Rd7 Re3 51. Bxd4 Bxd4 52. Rxd4 Rf8 53.
Rxf8+ Kxf8 54. Rf4+ Kg8 55. Ra4 Rxe6 56. Kf3 Kf7 57. Ra5 Rc6 58. h4 Rc3+ 59.
Kf4 Rc4+ 60. Kf3 h5 61. Ra6 Rd4 62. Ke3 Rb4 63. Kf3 e6 64. Ra8 Kg7 65. Re8 Kf7
66. Ra8 Rb7 67. Ke4 Rb4+ 68. Kf3 Kf6 69. Rf8+ Ke5 70. Rg8 Rb3+ 71. Kg2 Kf6 72.
Rf8+ Ke7 73. Rg8 Kf7 74. Ra8 Rd3 75. Kf2 Rb3 76. Rc8 Ra3 77. Rb8 Kg7 78. Re8
Kf6 79. Rf8+ Ke5 80. Rg8 Kf5 81. Kg2 e5 82. Kh3 Ra6 83. Rf8+ Ke4 84. Kg2 Kd4
85. Kf3 Ra3+ 86. Kf2 Ra2+ 87. Kf1 Ra6 88. Kf2 Kd3 89. Rd8+ Ke4 90. Rf8 Rb6 91.
Rf7 Rd6 92. Ke2 Kd4 93. Ra7 e4 94. Ra5 Rd5 95. Ra6 g5 96. Ra4+ Ke5 97. hxg5 Kf5
98. g6 Kxg6 99. Rxe4 Rf5 100. g4 Ra5 101. gxh5+ Kxh5 102. Rb4 Rf5 103. Ra4 Kg5
1/2-1/2

[Event "99th ch-GBR 2012"]
[Site "North Shields ENG"]
[Date "2012.08.02"]
[Round "10.3"]
[White "Turner, Ma"]
[Black "Howell, D."]
[Result "0-1"]
[WhiteElo "2508"]
[BlackElo "2620"]
[PlyCount "172"]
[EventDate "2012.07.23"]
[SourceDate "1999.07.01"]

1. d4 Nf6 2. c4 g6 3. Nc3 Bg7 4. e4 d6 5. f3 O-O 6. Be3 Nc6 7. Nge2 a6 8. Qd2
Rb8 9. Nc1 e5 10. d5 Nd4 11. Nb3 c5 12. dxc6 Nxb3 13. c7 Qxc7 14. axb3 Be6 15.
Be2 Rfc8 16. O-O Nd7 17. Rfc1 Nc5 18. Ra3 Qb6 19. Nb1 Qc7 20. b4 Nd7 21. Nc3
Bf8 22. Raa1 Qd8 23. b3 Rc6 24. b5 axb5 25. Nxb5 Nc5 26. Qd1 Ra6 27. b4 Rxa1
28. Rxa1 Na6 29. Qd2 Rc8 30. Na7 Ra8 31. Rd1 Nc7 32. b5 Ne8 33. Qe1 Nf6 34. b6
Qe7 35. Qb4 Ne8 36. Rc1 Qd8 37. Qb5 h5 38. Qb2 Kh7 39. Rd1 Qf6 40. Nb5 Rc8 41.
Qa2 Qd8 42. Qa7 Qe7 43. Qa4 Bd7 44. Qa5 Be6 45. Bf1 Kg8 46. Bf2 Kh7 47. Rc1 Qd8
48. Na7 Ra8 49. Qc3 Qf6 50. Ra1 Qd8 51. Ra5 Bd7 52. Qd2 Ng7 53. Qd5 Ne6 54. Ra2
Rb8 55. Rd2 Qe8 56. c5 Nxc5 57. Bxc5 Be6 58. Qd3 dxc5 59. Qc3 Rd8 60. Nb5 Rxd2
61. Qxd2 Qc6 62. Nc7 Qxb6 63. Nxe6 c4+ 64. Nd4 Qc5 65. Bxc4 Qxc4 66. Ne2 b5 67.
Kf2 Bc5+ 68. Kf1 Bd4 69. Qc1 Qd3 70. Qe1 Kg7 71. Qb4 Qd1+ 72. Qe1 Qd3 73. Qb4
Qd1+ 74. Qe1 Qb3 75. Qd2 Qc4 76. Qc1 Qd3 77. Ke1 b4 78. Qd2 Qc4 79. Qc1 Qa2 80.
Nxd4 exd4 81. Qc5 Qa1+ 82. Kf2 Qb2+ 83. Kg3 d3 84. Qd6 d2 85. e5 d1=Q 86. Qf6+
Kg8 0-1

[Event "45th Biel Masters Open"]
[Site "Biel SUI"]
[Date "2012.07.27"]
[Round "5"]
[White "Harikrishna, P."]
[Black "Wen Yang"]
[Result "1/2-1/2"]
[WhiteElo "2684"]
[BlackElo "2569"]
[PlyCount "94"]
[EventDate "2012.07.23"]
[SourceDate "1999.07.01"]

1. d4 Nf6 2. c4 g6 3. Nc3 Bg7 4. e4 d6 5. f3 O-O 6. Nge2 c6 7. Bg5 a6 8. Qd2 b5
9. h4 h5 10. e5 dxe5 11. dxe5 Qxd2+ 12. Bxd2 Nfd7 13. f4 f6 14. exf6 Nxf6 15.
Ng3 e5 16. fxe5 Ng4 17. Nce4 Nxe5 18. Bb4 Rd8 19. Ba5 Re8 20. Nd6 Rf8 21. Nxc8
Rxc8 22. O-O-O c5 23. Bc3 b4 24. Bxe5 Bxe5 25. Ne4 Bd4 26. g4 hxg4 27. h5 Nc6
28. hxg6 Kg7 29. Bg2 Ne5 30. Nd6 Kxg6 31. Be4+ Kg5 32. Rdf1 g3 33. Rh3 Bf2 34.
Bxa8 Rxa8 35. Ne4+ Kg4 36. Nxf2+ gxf2 37. Re3 Kf4 38. Rh3 Ng4 39. Rh4 Re8 40.
Rxf2+ Kg3 41. Rxg4+ Kxf2 42. Rg5 Ke3 43. Rd5 Ke4 44. Rxc5 Kd3 45. Rd5+ Kxc4 46.
Ra5 Kd3 47. Rd5+ Kc4 1/2-1/2

[Event "ch-PHI Grand Final 2012"]
[Site "Boracay PHI"]
[Date "2012.07.19"]
[Round "7.2"]
[White "Paragua, M."]
[Black "Barcenilla, R."]
[Result "1-0"]
[WhiteElo "2508"]
[BlackElo "2501"]
[PlyCount "83"]
[EventDate "2012.07.15"]
[SourceDate "1999.07.01"]

1. d4 Nf6 2. c4 g6 3. Nc3 Bg7 4. e4 d6 5. f3 O-O 6. Be3 Nc6 7. Nge2 a6 8. Qd2
Rb8 9. Rc1 Bd7 10. Nd1 b5 11. c5 e6 12. Nf2 dxc5 13. Rxc5 Re8 14. Bg5 e5 15. d5
Na7 16. Ng3 c6 17. Be2 Qb6 18. b4 Rbc8 19. Be3 Qb7 20. O-O h5 21. h4 Bf8 22.
Rd1 Bxc5 23. bxc5 cxd5 24. exd5 Nxd5 25. Qxd5 Qxd5 26. Rxd5 Be6 27. Rd6 Nc6 28.
Nge4 Red8 29. a3 Rxd6 30. cxd6 Nd4 31. Bxd4 exd4 32. Nd3 a5 33. Ndc5 b4 34.
Nxe6 fxe6 35. d7 Rd8 36. Bc4 Kf7 37. Nc5 Ke7 38. Kf2 e5 39. Ke2 Rb8 40. Kd3 Kd6
41. d8=Q+ Rxd8 42. Nb7+ 1-0